| 000 | 00790cam1a220024100 4500 | ||
|---|---|---|---|
| 001 | lce01106779 | ||
| 008 | 800604s1980 nyua b 001 0 eng | ||
| 010 | _a 79089999 | ||
| 020 | _a0893520780 | ||
| 035 | _a(Sirsi) r43515 | ||
| 035 | _a(DLC) 79089999 | ||
| 035 | _a(UPRA)lce01106779 | ||
| 050 | 0 |
_aRC280.T4 _bT48 |
|
| 082 | _a616.99/463 | ||
| 245 | 0 | 0 |
_aTesticular tumors : _bmanagement and treatment / _cedited by Lawrence H. Einhorn. |
| 260 |
_aNew York : _bMasson Pub. USA, _cc1980. |
||
| 440 | 0 |
_aCancer management _6S1420.1 |
|
| 504 | _aIncludes bibliographical references and index. | ||
| 650 | 0 |
_aTestis -- Tumors. _xTestis -- Tumors. _6S914.1 |
|
| 700 | 1 |
_aEinhorn, Lawrence H. _6A1271.1 |
|
| 949 |
_aRC280.T4 _wLC _i-53531 _mMEDICAL _p2500 _tBOOK _lON-SHELF |
||
| 004 | 43515 | ||
| 999 |
_c40377 _d40377 |
||